000 00646nam a2200205Ia 4500
005 20250508162155.0
008 008 250505s9999 xx 000 0 eng d
020 _a0-89232-122-9
037 _aTextual
040 _aFEDL
_beng
_cFEDL
041 _aeng
_2eng
084 _a370.193, RES
_qFEDL
100 _aKerckhoff Alan C. Ed.
_992665
245 0 _aResearch in sociology of education and socialization : A research annual
260 _aGreenwich
_bJai Press Inc.
_c1980
300 _axi,271p
546 _aLongitudinal perspectives on educational attainment
942 _cTEXL
_h370.193, RES
999 _c1374818
_d1374818